[Event "Thueringer-ch7 email"]
[Site "GER email"]
[Date "2010.09.15"]
[Round "?"]
[White "Hermannsdoerfer, Frank"]
[Black "Weinitschke, Guenter"]
[Result "1/2-1/2"]
[WhiteElo "2010"]
[BlackElo "2136"]
[PlyCount "77"]
[EventDate "2010.10.01"]
[EventType "tourn (corr)"]
[EventRounds "11"]
[EventCountry "GER"]
[SourceTitle "Corr 2015"]
[Source "ChessBase"]
[SourceDate "2015.07.17"]
[SourceVersion "1"]
[SourceVersionDate "2015.07.17"]
[SourceQuality "1"]

1. b3 e5 2. Bb2 Nc6 3. e3 Nf6 4. Bb5 d6 5. Nf3 Bd7 6. d4 e4 7. Nfd2 d5 8. Be2 Be7 9. a3 0-0 10. c4 Bf5 11. Nc3 dxc4 12. bxc4 Qd7 13. 0-0 Rfe8 14. Qc2 Bf8 15. d5 Na5 16. Rfd1 c6 17. Nf1 Rac8 18. d6 b6 19. Ng3 Bg6 20. Na4 Nb7 21. h4 h6 22. h5 Bh7 23. Bxf6 gxf6 24. Bg4 Qxg4 25. d7 Bd6 26. dxe8Q+ Rxe8 27. Rxd6 Nxd6 28. c5 Nf5 29. Nxf5 Qxf5 30. cxb6 axb6 31. Nxb6 Kg7 32. a4 Qxh5 33. a5 Re5 34. Nc4 Rg5 35. Qd1 Qh4 36. Qd6 Bf5 37. a6 Bh3 38. g3 Bf1 39. Rxf1 1/2-1/2

[Event "Thueringer-ch7 email"]
[Site "GER email"]
[Date "2010.09.15"]
[Round "?"]
[White "Moeller, Axel"]
[Black "Weinitschke, Guenter"]
[Result "1-0"]
[WhiteElo "1640"]
[BlackElo "2136"]
[PlyCount "75"]
[EventDate "2010.10.01"]
[EventType "tourn (corr)"]
[EventRounds "11"]
[EventCountry "GER"]
[SourceTitle "Corr 2015"]
[Source "ChessBase"]
[SourceDate "2015.07.17"]
[SourceVersion "1"]
[SourceVersionDate "2015.07.17"]
[SourceQuality "1"]

1. e4 e5 2. Nf3 Nc6 3. Bb5 a6 4. Ba4 Nf6 5. 0-0 Be7 6. Re1 b5 7. Bb3 0-0 8. c3 d5 9. exd5 Nxd5 10. Nxe5 Nxe5 11. Rxe5 c6 12. d4 Bd6 13. Re1 Qh4 14. g3 Qh3 15. Re4 g5 16. Qf1 Qh5 17. Nd2 f5 18. Bd1 Qg6 19. Re1 Ra7 20. c4 bxc4 21. Nxc4 f4 22. Nxd6 fxg3 23. hxg3 Qxd6 24. Re5 h6 25. Bd2 Raf7 26. Be1 Nc7 27. Qd3 Bf5 28. Qc3 Ne6 29. Bb3 Nxd4 30. Rxf5 Nxf5 31. Rd1 Qg6 32. Bxf7+ Qxf7 33. Qxc6 Qf6 34. Qc4+ Qf7 35. Qxa6 h5 36. Qb5 Qe6 37. Bc3 Rf7 38. Re1 1-0

[Event "Thueringer-ch7 email"]
[Site "GER email"]
[Date "2010.09.15"]
[Round "?"]
[White "Weinitschke, Guenter"]
[Black "Boerner, Steffen"]
[Result "0-1"]
[WhiteElo "2136"]
[BlackElo "2010"]
[PlyCount "74"]
[EventDate "2010.10.01"]
[EventType "tourn (corr)"]
[EventRounds "11"]
[EventCountry "GER"]
[SourceTitle "Corr 2015"]
[Source "ChessBase"]
[SourceDate "2015.07.17"]
[SourceVersion "1"]
[SourceVersionDate "2015.07.17"]
[SourceQuality "1"]

1. e4 c5 2. Nf3 e6 3. d4 cxd4 4. Nxd4 Nc6 5. Nc3 Be7 6. Be2 d6 7. Be3 Nf6 8. 0-0 a6 9. f4 0-0 10. a4 Qc7 11. Qe1 Nb4 12. Qg3 Bd7 13. Rad1 Rac8 14. f5 Kh8 15. fxe6 fxe6 16. Rd2 Rce8 17. Bf3 Nc6 18. Nxc6 Bxc6 19. Bd4 e5 20. Be3 Qa5 21. Rd3 b5 22. axb5 axb5 23. Rd2 Qb4 24. Rb1 Bxe4 25. Nxe4 Nxe4 26. Bxe4 Qxe4 27. Bf2 Rc8 28. Qb3 Qc4 29. Qxc4 Rxc4 30. b3 Rc6 31. Ra1 Kg8 32. g3 Kf7 33. Ra2 Ke6 34. Kg2 d5 35. Ra7 Bb4 36. Re2 Rxf2+ 37. Rxf2 Bc5 0-1

[Event "Thueringer-ch7 email"]
[Site "GER email"]
[Date "2010.09.15"]
[Round "?"]
[White "Weinitschke, Guenter"]
[Black "Mehlhorn, Uwe"]
[Result "0-1"]
[WhiteElo "2136"]
[BlackElo "2244"]
[PlyCount "78"]
[EventDate "2010.10.01"]
[EventType "tourn (corr)"]
[EventRounds "11"]
[EventCountry "GER"]
[SourceTitle "Corr 2015"]
[Source "ChessBase"]
[SourceDate "2015.07.17"]
[SourceVersion "1"]
[SourceVersionDate "2015.07.17"]
[SourceQuality "1"]

1. e4 d6 2. d4 g6 3. Nc3 Bg7 4. f4 Nf6 5. Nf3 c5 6. Bb5+ Bd7 7. e5 Ng4 8. e6 Bxb5 9. exf7+ Kd7 10. Nxb5 Qa5+ 11. Nc3 cxd4 12. Nxd4 Qh5 13. Nf3 Qc5 14. Qd2 Nc6 15. Ne4 Qc4 16. Nfg5 h6 17. b3 Qb5 18. Ba3 Bxa1 19. Bxd6 Rad8 20. a4 Qf5 21. Ng3 Bc3 22. Qxc3 Qf6 23. Qf3 hxg5 24. Qxg4+ Qe6+ 25. Qxe6+ Kxe6 26. Bc7 Rd7 27. Be5 Nxe5 28. fxe5 Rd5 29. 0-0 Rf8 30. Re1 Rxe5 31. Ne4 Kxf7 32. h3 Kg7 33. g3 Rd8 34. Kf2 Rd4 35. Kf3 Rd2 36. c3 Rb2 37. b4 a5 38. bxa5 Ra2 39. Rb1 Rxa4 0-1

[Event "Thueringer-ch7 email"]
[Site "GER email"]
[Date "2010.09.15"]
[Round "?"]
[White "Weinitschke, Guenter"]
[Black "Paessler, Hans Dieter"]
[Result "0-1"]
[WhiteElo "2136"]
[BlackElo "2100"]
[PlyCount "78"]
[EventDate "2010.10.01"]
[EventType "tourn (corr)"]
[EventRounds "11"]
[EventCountry "GER"]
[SourceTitle "Corr 2015"]
[Source "ChessBase"]
[SourceDate "2015.07.17"]
[SourceVersion "1"]
[SourceVersionDate "2015.07.17"]
[SourceQuality "1"]

1. e4 c6 2. d4 d5 3. e5 Bf5 4. Nc3 e6 5. g4 Bg6 6. Nge2 c5 7. h4 cxd4 8. Nxd4 h5 9. f4 hxg4 10. Bb5+ Nd7 11. f5 Rxh4 12. Rf1 exf5 13. Qe2 Bc5 14. Nb3 Be7 15. Bf4 Kf8 16. 0-0-0 Nb6 17. Qg2 a6 18. Bd3 Rc8 19. Ne2 Rh7 20. Ned4 Rh5 21. Kb1 Nc4 22. Ne2 Bh4 23. Bxc4 Rxc4 24. Rxd5 Qc8 25. c3 Bh7 26. Rfd1 Be7 27. Na5 g5 28. Nxc4 Qxc4 29. R5d4 Qc6 30. Rd5 gxf4 31. Nxf4 Rh6 32. Qd2 Bg5 33. Rd4 g3 34. Ne6+ Qxe6 35. Qxg5 Rg6 36. Qh5 Nh6 37. Qe2 Ng4 38. Re1 Nxe5 39. Qh5 Rh6 0-1

[Event "GER theme 06 FSM-E email"]
[Site "GER email"]
[Date "2008.??.??"]
[Round "?"]
[White "Weinitschke, Guenter"]
[Black "Herrmann, Hans"]
[Result "1/2-1/2"]
[WhiteElo "2136"]
[BlackElo "2149"]
[PlyCount "110"]
[EventDate "2007.??.??"]
[EventType "tourn (corr)"]
[EventRounds "8"]
[EventCountry "GER"]
[SourceTitle "Corr 2011"]
[Source "ChessBase"]
[SourceDate "2010.08.31"]
[SourceVersion "1"]
[SourceVersionDate "2010.08.31"]
[SourceQuality "1"]

1. e4 e6 2. d4 d5 3. Nc3 Bb4 4. exd5 exd5 5. Bd3 Nc6 6. a3 Bxc3+ 7. bxc3 Nf6 8. Ne2 0-0 9. 0-0 Na5 10. Ng3 Bg4 11. f3 Bd7 12. Re1 Nc4 13. Rb1 b5 14. Re2 Re8 15. Qe1 h6 16. Ra1 Rxe2 17. Nxe2 Rb8 18. Qh4 Rb6 19. g4 Qe7 20. Qg3 Ne8 21. g5 Ne3 22. Qf2 Nf5 23. Ng3 Nxg3 24. Qxg3 c5 25. Bd2 c4 26. Bf1 hxg5 27. Bxg5 f6 28. Bf4 Kf7 29. Bd2 Bf5 30. Qh4 Qd7 31. Qh8 Re6 32. Qh5+ Bg6 33. Qh4 Bxc2 34. Bh3 f5 35. Kh1 Re2 36. Bf4 Bd3 37. Rg1 Kg8 38. Rg5 Rc2 39. Be5 Qe6 40. Rh5 Qg6 41. Rg5 Rc1+ 42. Kg2 Qe6 43. Rh5 Kf7 44. Qf4 Rc2+ 45. Kh1 Rxc3 46. Bxf5 Bxf5 47. Rxf5+ Nf6 48. Bxf6 gxf6 49. Rg5 Rc1+ 50. Kg2 Qe2+ 51. Kh3 Re1 52. Rh5 Qd3 53. Qg4 Qf1+ 54. Kh4 Qf2+ 55. Kh3 Qf1+ 1/2-1/2